مجلد الصحة /

Saved in:
书目详细资料
主要作者: جمال الدين زكى , نادية
企业作者: المركز القومي للبحوث الاجتماعية والجنائية, المسح الاجتماعي الشامل للمجتمع المصري القاهرة
格式: 会议录 图书
语言:阿拉伯语
出版: القاهرة : المركز القومي للبحوث الاجتماعية والجنائية 2016
主题:
标签: 添加标签
没有标签, 成为第一个标记此记录!

MARC

LEADER 00000nam a2200000 4500
003 INP
005 20240227100333.0
008 240227b |||||||| |||| 00| 0 ara d
017 |a 26276  |b المركز القومي للبحوث الاجتماعية والجنائية  
020 |a 9789773093174 
040 |a EG-INP  |b ara  |c EG-INP 
082 |2 1  |a 362.1042  |b ج . م 
100 |a جمال الدين زكى , نادية  
110 |a المركز القومي للبحوث الاجتماعية والجنائية  
111 |a المسح الاجتماعي الشامل للمجتمع المصري   |c القاهرة   |d 2016 
245 |a مجلد الصحة /  |c المركز القومي للبحوث الاجتماعية والجنائية  
260 |a القاهرة :  |b المركز القومي للبحوث الاجتماعية والجنائية   |c 2016 
300 |a 483ص،:  |b ورقي  |c 24سم.  
505 |a الصحة حق من حقوق الإنسان وهي جزء من حق أوسع هو الحق في الحياة حيث تؤكد منظمة الصحة العالمية علي أن التمتع بأعلي مستوي من الصحة هو احد أهم الحقوق الأساسية لكل انسان . 
650 |2 qrmak  |a الصحة 
650 |2 qrmak  |a التأمين الصحي الاجتماعي الشامل  
650 |2 qrmak  |a الفيروسات الكبدئة 
650 |2 qrmak  |a الرعاية الصحية   |z مصر  
901 |a EGPV30  
902 |a egpv34 
903 |a original 
942 |2 ddc  |c BK 
952 |0 0  |1 0  |4 0  |6 362_104200000000000_ص_ن  |7 0  |8 arabic_Book  |9 22706  |a INP  |b INP  |c MAIN  |d 2024-02-27  |l 0  |o 362.1042 ص.ن  |p 023915  |r 2024-02-27 00:00:00  |w 2024-02-27  |y BK 
999 |c 18177  |d 18177